01216nam a2200301 a 450000100060000000300080000600500170001400800410003102000320007203500190010404000320012304100110015508200250016610000300019124501240022126000310034530000270037650000980040350000220050150400320052365000340055565000280058970000280061785600970064594200120074299900170075495201430077170554BD-RjUL20211209082020.0170418s1983 enk b 001 0 eng  a0471101222 :c$53.00 (U.S.) a(BD-RjUL)70768 aDLCcDLCdDLCdBD-RjULbeng1 aengger00a519.23223bSTC 19831 aStoyan, Dietrich.920883110aComparison methods for queues and other stochastic models /cDietrich Stoyan ; edited with revisions by Daryl J. Daley. aNew York :bWiley,cc1983. axiii, 217 p. ;c24 cm. aRevised translation of: Qualitative Eigenschaften und Abschätzungen stochastischer Modelle. aIncludes indexes. aBibliography: p. [183]-200. 0aStochastic processes.9117665 0aQueuing theory.91540071 aDaley, Daryl J.9206096 3Wiley series in probability and mathematical statistics.uApplied probability and statistics 2ddccBK c70554d70554 00102ddc40718NFICaRUCLbRUCLcReadingd1990-01-15eAbacus Londong37.60l0o519.23 STC 1983r2017-04-18 00:00:00tC-1w2021-12-09yBK